Apex Legends Mega quiz Season 22 - Statistics

General Stats
  • This quiz has been taken 50 times
    9 since last reset
  • The average score is 45 of 140
Answer Stats
Category Answer % Correct
Flatline
100%
Olympus
100%
Assault Rifles R-301
100%
Hemlok
89%
Maps King's Canyon
89%
Storm Point
89%
World's Edge
89%
Skirmisher Legends Alter
78%
Alternator
78%
Broken Moon
78%
Lifeline
78%
L-star
78%
Sub Machine Guns (SMG) R99
78%
Rampage
78%
Spitfire
78%
Recon Legends Bloodhound
67%
E-district
67%
Support Legends Gibraltar
67%
Kraber
67%
Loba
67%
Shotguns Mastiff
67%
Mirage
67%
Peacekeeper
67%
Prowler
67%
Sniper Rifles Sentinel
67%
Volt
67%
Pistols Wingman
67%
Arc Star
56%
Ash
56%
Assault legends Bangalore
56%
Catalyst
56%
Controller Legends Caustic
56%
Charge Rifle
56%
Light Machine Guns (LMG) Devotion
56%
G7 Scout
56%
Havoc Rifle
56%
Horizon
56%
Longbow
56%
Mozambique
56%
Newcastle
56%
P2020
56%
Pathfinder
56%
Rampart
56%
Seer
56%
Triple take
56%
Wattson
56%
Ballistic
44%
C.A.R: SMG
44%
Conduit
44%
Crypto
44%
Grenades Frag Grenade
44%
Fuse
44%
Ammo Types Heavy Ammo
44%
Light Ammo
44%
Mad Maggie
44%
Revenant
44%
Sniper Ammo
44%
Valkyrie
44%
Vantage
44%
Wraith
44%
30-30 Repeater
33%
Marksman Weapons Bocek Compound Bow
33%
Eva8 Auto
33%
Med Kit
33%
Phoenix Kit
33%
Re 45-Auto
33%
Shield Battery
33%
Shield Cell
33%
Arrows
22%
Energy Ammo
22%
Helmet
22%
Nemesis AR
22%
Shotgun Bolt
22%
Shotgun Shells
22%
Thermite Grenade
22%
1x-2x Variable Holo
11%
1x Digital Threat
11%
Sights/Optics 1x Hcog "Classic"
11%
1x Holo
11%
2x-4x Variable ACOG
11%
2x HCOG "Bruiser"
11%
4x-10x Digital Sniper Threat
11%
4x-8x Variable Sniper
11%
6x Sniper
11%
Backpack
11%
Black Market Boutique
11%
Dimensional Rift
11%
Survival Items EVAC Tower
11%
Extended Energy Magazine
11%
Extended Heavy Magazine
11%
Extended Light Magazine
11%
Extended Sniper Magazine
11%
Heat Shield
11%
Knockdown Shield
11%
Laser Sight
11%
Launch Pad
11%
Mobile Respawn beacon
11%
Assault Ultimates Rolling Thunder
11%
Standard Stock
11%
Healing/Shield Syringe
11%
Turbocharger
11%
3xc HCOG "Ranger"
0%
Anvil Receiver
0%
Attachments (no hop-ups) Barrel Stabalizer
0%
Beast of the Hunt
0%
Black Hole
0%
Boosted Loader
0%
Care Package
0%
Castle Wall
0%
Dark Veil
0%
Deadeye's Tempo
0%
Support Ultimates Defensive Bombardment
0%
Hop-ups Disruptor Rounds
0%
Double Tap Trigger
0%
Recon Ultimates Drone EMP
0%
Dual Shell
0%
Energy Barricade
0%
Exhibit
0%
Forged Shadows
0%
Hammerpoint Rounds
0%
Controller Utimates Interception Pylon
0%
Kinetic Feeder
0%
Life of the Party
0%
Mobile Minigun "Sheila"
0%
Nox Gas Cloud
0%
Phase Breach
0%
Precision Choke
0%
Quickdraw Holster
0%
Selectfire Receiver
0%
Shatter Caps
0%
Equipment/Gear Shield Core
0%
Skullpiercer Riffling
0%
Skyward Dive
0%
Sniper's Mark
0%
Sniper Stock
0%
Tempest
0%
The Motherlode
0%
Miscellaneous Ultimate accelerant
0%
Wrecking Ball
0%
Skirmisher Ultimates Zipline Gun
0%
No matching quizzes found
Score Distribution
Percent of People with Each Score
Percentile by Number Answered
Your Score History
You have not taken this quiz since the last reset